01679pam a2200301 i 4500001001900000003000600019005001700025008004100042015001900083016001800102020002700120035002100147035002600168035001800194040003500212041001200247042001600259100003500275245004500310264004700355300007000402500003200472500002000504520076700524650003201291650003201323650002201355990226379820107026UkOxU20250915081118.0210109r20212016enka 001|0|eng|d aGBC1079122bnb7 a0200838032Uk a9781786277091cĐ14.99 a(UkOxU)022637982 a(UkOxU)022637982BIB01 a(Uk)020083803 aStDuBDSbengerdacStDuBDSdUk aEnglish aukblcatcopy aLaverty, Christopher,eauthor.10aFashion in film c/ Christopher Laverty. 1aLondon :bLaurence King Publishing,c2021. a223 pages :billustrations (black and white, and colour) ;c22 cm aOriginally published: 2016. aIncludes index. aA beautiful compendium of famous fashion designers, their gorgeous creations and the film stars that wore them. Fashion designers have been involved in movies since the early days of cinema. The result is some of the most eye-catching and influential costumes ever committed to film, from Ralph Lauren's trend-setting masculine style for Diane Keaton in Annie Hall to Audrey Hepburn's little black Givenchy dress in Breakfast at Tiffany's. Fashion in Film celebrates the contributions of fashion designers to cinema, exploring key garments, what they mean in context of the narrative, and why they are so memorable. Illustrated with beautiful film stills, fashion images and working sketches, this book will appeal to lovers of both fashion history and cinema. 0aFashion in motion pictures. 0a CostumexSymbolic aspects. 0aFashion designers